Nenusilenkusi Šiluva

Titel: Nenusilenkusi Šiluva / Alfonsas Vaišvila
Verfasser:
Veröffentlicht: Vilnius : Versmė, 2018
Umfang: 519 Seiten : Illustrationen
Format: Buch
Sprache: Litauisch
Schlagworte:
ISBN: 9786098148633
Buchumschlag
X
alg: 44512654
001A    $03004:13-02-19 
001B    $01999:16-07-19 $t11:24:43.000 
001D    $03004:23-05-19 
001U    $0utf8 
001X    $00 
002@    $0Aau 
002C    $aText $btxt $2rdacontent 
002D    $aohne Hilfsmittel zu benutzen $bn $2rdamedia 
002E    $aBand $bnc $2rdacarrier 
003@    $044512654X 
004A    $A978-609-8148-63-3 
007A    $044512654X $aHEB 
007G    $0DE0203B8E991C07B5BEECC12584380039FA22 
009P    $qapplication/pdf $A2 $3Inhaltsverzeichnis $uhttp://scans.hebis.de/HEBCGI/show.pl?44512654_toc.pdf $mV:DE-603;B:DE-Mb50 
010@    $alit 
010E    $erda 
011@    $a2018 
021A    $aNenusilenkusi Šiluva $hAlfonsas Vaišvila 
028A    $BVerfasser $#Vaišvila, A. $#Vaĭshvila, Al'fonsas $#Vajšvila, Alʹfonsas $4aut $71044625627 $8Vaišvila, Alfonsas$Z1942- [Tp3] $9334078962 
033A    $pVilnius $nVersmė 
034D    $a519 Seiten 
034M    $aIllustrationen 
037A    $aLiteraturverzeichnis Seite 501-505 
044K    $RLitovskaja Gubernija $RLitauische Sozialistische Sowjetrepublik $#Litauen $#Litauen $#Lithuania $#Lietuvos Respublika $#République Lithuanienne $#Lithuanie $#Litva 1918 - 1940, 1991, 9 - $#Litovskaja Respublika $#Lithuania 1918 - 1940, 1991, 9 - $#Republik Litauen $#Republic of Lithuania $#Lithuanian Republic $#Litauische Republik $#Lietuva $74074266-0 $8Litauen [Tg1] $9085209074 
044K    $77670738-6 $8Šiluva [Tg1] $9215086791 
044K    $RKrieg $RGuerilla $#Guerrilla warfare $#Guérilla $74173446-4 $8Partisanenkrieg [Ts1] $9085805203 
044K    $RSystemveränderung $74181897-0 $8Sowjetisierung [Ts1] $9085873322 
044K    $RKommunismus $REntstalinisierung $#Stalinisme $#Stalinismus $74056883-0 $8Stalinismus [Ts1] $9085158437 
045F    $a909 $eDDC23BSB 
045F/01 $a909 
045F/03 $g4793 
045R    $aGeschichte 1865-1953 

lok: 44512654 24

exp: 44512654 24 1 #EPN
201B/01 $023-05-19 $t11:34:45.000 
201C/01 $013-02-19 
201U/01 $0utf8 
203@/01 $0104603023X 
208@/01 $a23-05-19 $bz 
209A/01 $a19.01961 $du $f050 $h19 01961 $x00 
209C/01 $a19.01961 K $h19 01961 K 
209G/01 $a74103170 $x00 
220C/01 $acer 
247C/01 $8358050-7 Marburg, Bibliothek des Herder-Instituts Marburg $9102600961 

lok: 44512654 78

exp: 44512654 78 1 #EPN
201B/01 $011-10-21 $t15:49:22.000 
201C/01 $011-10-21 
201U/01 $0utf8 
203@/01 $01170526853 
208@/01 $a11-10-21 $be 
209A/01 $a/ $f000 $x00 
209A/01 $ab*p $x01 
220C/01 $apgar 
244Z/01 $#Litauen $#Litauen $#Lithuania $#Lietuvos Respublika $#République Lithuanienne $#Lithuanie $#Litva 1918 - 1940, 1991, 9 - $#Litovskaja Respublika $#Lithuania 1918 - 1940, 1991, 9 - $#Republik Litauen $#Republic of Lithuania $#Lithuanian Republic $#Litauische Republik $#Lietuva $74074266-0 $8--Tg1--Litauen $x01 $9085209074 
247C/01 $82080>Marburg/Lahn, Herder-Institut, Forschungsbibliothek, Bibliographieportal $9336309341
LEADER 00000cam a2200000 c 4500
001 44512654X
003 DE-603
005 20190716112443.0
007 tu
008 190213s2018 xx |||| | u00||u|lit c
020 |a 9786098148633 
035 |a (DE-599)HEB44512654X 
040 |a DE-603  |b ger  |c DE-603  |d DE-603  |e rda 
041 |a lit 
082 0 4 |8 1\u  |a 909  |q DE-101  |2 23/BSB 
085 |8 1\u  |b 909 
085 |8 1\u  |z 2  |s 4793 
100 1 |a Vaišvila, Alfonsas  |d 1942-  |e Verfasser  |4 aut  |0 (DE-603)334078962  |0 (DE-588)1044625627  |2 gnd 
245 0 0 |a Nenusilenkusi Šiluva  |c Alfonsas Vaišvila 
264 1 |a Vilnius  |b Versmė  |c 2018 
300 |a 519 Seiten  |b Illustrationen 
336 |a Text  |b txt  |2 rdacontent 
337 |a ohne Hilfsmittel zu benutzen  |b n  |2 rdamedia 
338 |a Band  |b nc  |2 rdacarrier 
500 |a Literaturverzeichnis Seite 501-505 
648 7 |a Geschichte 1865-1953  |2 gnd 
650 7 |a Partisanenkrieg  |0 (DE-588)4173446-4  |0 (DE-603)085805203  |2 gnd 
650 7 |a Sowjetisierung  |0 (DE-588)4181897-0  |0 (DE-603)085873322  |2 gnd 
650 7 |a Stalinismus  |0 (DE-588)4056883-0  |0 (DE-603)085158437  |2 gnd 
651 7 |a Litauen  |0 (DE-588)4074266-0  |0 (DE-603)085209074  |2 gnd 
651 7 |a Šiluva  |0 (DE-588)7670738-6  |0 (DE-603)215086791  |2 gnd 
856 4 2 |m V:DE-603;B:DE-Mb50  |q application/pdf  |u http://scans.hebis.de/HEBCGI/show.pl?44512654_toc.pdf  |3 Inhaltsverzeichnis 
924 0 |9 Mb 50  |a (DE-603)104603023X  |b DE-Mb50  |c HES  |d c  |g 19.01961 
924 0 |9 2080  |a (DE-603)1170526853  |b DE-2080  |c HES  |d d  |g /